El infierno verde
Zapisane w:
| 1. autor: | |
|---|---|
| Format: | Książka |
| Język: | Undetermined |
| Wydane: |
San José, Costa Rica
Editorial Universidad Estatal a Distancia
2005
|
| Wydanie: | 5 |
| Hasła przedmiotowe: | |
| Etykiety: |
Dodaj etykietę
Nie ma etykietki, Dołącz pierwszą etykiete!
|
MARC
| LEADER | 00000nam a2200000Ia 4500 | ||
|---|---|---|---|
| 008 | 170316s9999 xx 000 0 und d | ||
| 040 | |a cru BVZT | ||
| 090 | |a 868 M-4i | ||
| 100 | |a Marín Cañas, José | ||
| 245 | |a El infierno verde | ||
| 250 | |a 5 | ||
| 260 | |a San José, Costa Rica | ||
| 260 | |b Editorial Universidad Estatal a Distancia | ||
| 260 | |c 2005 | ||
| 300 | |a 185 páginas | ||
| 650 | |a LITERATURA COSTARRICENSE | ||
| 650 | |a NOVELA | ||
| 942 | 0 | 0 | |0 2 |
| 999 | |c 11331 |d 11331 | ||
